[Event "DVM U14 2022"]
[Site "Kelheim GER"]
[Date "2022.12.28"]
[Round "3"]
[White "Nolte, Matthis"]
[Black "Lange, Tobias"]
[Result "1/2-1/2"]
[Termination "normal"]
[Board "4.4"]
[WhiteElo "1220"]
[BlackElo "1472"]
[WhiteClock "00:29:23"]
[BlackClock "00:37:23"]
[WhiteTeam "SK Blauer Springer Paderborn 1926 e. V."]
[BlackTeam "SC Garching 1980 e.V."]
[PlyCount "78"]
[WhiteFideId "34640304"]
[BlackFideId "34608281"]
[EventCountry "GER"]
[EventRounds "7"]
[EventType "team-swiss"]
[EventDate "2022.12.26"]

1. e4 {[%clk 01:30:59]} e5 {[%clk 01:30:55]} {[%emt 00:00:06]} 2. Nf3 {[%clk
01:31:26]} {[%emt 00:00:03]} Nf6 {[%clk 01:31:16]} {[%emt 00:00:08]} 3. Nc3
{[%clk 01:31:46]} {[%emt 00:00:10]} Nc6 {[%clk 01:31:29]} {[%emt 00:00:16]} 4.
a3 {[%clk 01:32:01]} {[%emt 00:00:17]} Bc5 {[%clk 01:30:59]} {[%emt 00:00:59]}
5. Nxe5 {[%clk 01:31:53]} {[%emt 00:00:38]} Bxf2 {[%clk 01:28:40]} {[%emt
00:02:49]} 6. Kxf2 {[%clk 01:32:09]} {[%emt 00:00:15]} Nxe5 {[%clk 01:29:01]}
{[%emt 00:00:09]} 7. d4 {[%clk 01:32:14]} {[%emt 00:00:25]} Neg4 {[%clk
01:23:37]} {[%emt 00:05:54]} 8. Kg1 {[%clk 01:32:10]} {[%emt 00:00:33]} d6
{[%clk 01:21:55]} {[%emt 00:02:12]} 9. h3 {[%clk 01:29:10]} {[%emt 00:03:29]}
Nh6 {[%clk 01:19:26]} {[%emt 00:03:00]} 10. Bg5 {[%clk 01:27:12]} {[%emt
00:02:29]} Nhg8 {[%clk 01:17:57]} {[%emt 00:01:59]} 11. e5 {[%clk 01:20:00]}
{[%emt 00:07:41]} dxe5 {[%clk 01:17:02]} {[%emt 00:01:25]} 12. dxe5 {[%clk
01:19:59]} {[%emt 00:00:31]} Qxd1 {[%clk 01:16:44]} {[%emt 00:00:48]} 13. Rxd1
{[%clk 01:20:21]} {[%emt 00:00:08]} Nd7 {[%clk 01:16:20]} {[%emt 00:00:54]} 14.
Nb5 {[%clk 01:18:40]} {[%emt 00:02:12]} Rb8 {[%clk 01:11:30]} {[%emt 00:05:20]}
15. Nxc7 {[%clk 01:17:21]} {[%emt 00:01:49]} Kf8 {[%clk 01:11:43]} {[%emt
00:00:16]} 16. Bb5 {[%clk 01:17:23]} {[%emt 00:00:28]} f6 {[%clk 01:11:13]}
{[%emt 00:01:00]} 17. e6 {[%clk 01:16:12]} {[%emt 00:01:41]} Ne5 {[%clk
01:08:39]} {[%emt 00:03:04]} 18. Bf4 {[%clk 01:11:30]} {[%emt 00:05:12]} a6
{[%clk 01:05:27]} {[%emt 00:03:42]} 19. Bxe5 {[%clk 01:04:50]} {[%emt
00:07:10]} fxe5 {[%clk 01:04:56]} {[%emt 00:01:01]} 20. Bd7 {[%clk 01:01:21]}
{[%emt 00:03:59]} Nf6 {[%clk 01:02:03]} {[%emt 00:03:23]} 21. Bxc8 {[%clk
00:56:27]} {[%emt 00:05:24]} Rxc8 {[%clk 01:01:49]} {[%emt 00:00:44]} 22. Nd5
{[%clk 00:56:43]} {[%emt 00:00:14]} Nxd5 {[%clk 00:54:20]} {[%emt 00:07:58]}
23. Rxd5 {[%clk 00:57:04]} {[%emt 00:00:10]} Ke7 {[%clk 00:54:21]} {[%emt
00:00:29]} 24. Rxe5 {[%emt 00:00:43]} Rxc2 {[%clk 00:54:03]} {[%emt 00:00:47]}
25. Kh2 {[%clk 00:56:25]} {[%emt 00:00:58]} Rxb2 {[%clk 00:49:59]} {[%emt
00:04:33]} 26. Rd1 {[%clk 00:53:19]} {[%emt 00:03:36]} Rd8 {[%clk 00:50:03]}
{[%emt 00:00:26]} 27. Rf1 {[%clk 00:52:59]} {[%emt 00:00:50]} Kd6 {[%clk
00:47:51]} {[%emt 00:02:27]} 28. Re3 {[%clk 00:52:18]} {[%emt 00:01:26]} Re8
{[%clk 00:47:36]} {[%emt 00:00:45]} 29. e7 {[%clk 00:50:17]} {[%emt 00:02:31]}
Rb5 {[%clk 00:46:26]} {[%emt 00:01:40]} 30. Rd1 {[%clk 00:46:42]} {[%emt
00:04:05]} Rd5 {[%clk 00:46:15]} {[%emt 00:00:41]} 31. Rb1 {[%clk 00:42:08]}
{[%emt 00:05:04]} b5 {[%clk 00:45:54]} {[%emt 00:00:51]} 32. Rbe1 {[%clk
00:40:27]} {[%emt 00:02:12]} Kd7 {[%emt 00:00:58]} 33. Re6 {[%clk 00:38:58]}
{[%emt 00:01:58]} Rd6 {[%clk 00:45:40]} {[%emt 00:00:17]} 34. R6e4 {[%clk
00:38:06]} {[%emt 00:01:21]} Rd3 {[%clk 00:45:00]} {[%emt 00:01:10]} 35. a4
{[%clk 00:37:31]} {[%emt 00:01:05]} Rd6 {[%clk 00:42:59]} {[%emt 00:02:30]} 36.
axb5 {[%clk 00:36:47]} {[%emt 00:01:16]} axb5 {[%clk 00:43:02]} {[%emt
00:00:26]} 37. Re5 {[%clk 00:36:10]} {[%emt 00:01:07]} Kc6 {[%clk 00:40:56]}
{[%emt 00:02:36]} 38. Rc1 {[%clk 00:32:25]} {[%emt 00:04:14]} Kd7 {[%emt
00:03:56]} 39. Rxb5 {[%clk 00:29:23]} {[%emt 00:03:30]} Rxe7 {[%clk 00:37:23]}
{[%emt 00:00:39]} 1/2-1/2

[Event "DVM U14 2022"]
[Site "Kelheim GER"]
[Date "2022.12.28"]
[Round "3"]
[White "Krüger, Arthur"]
[Black "Werner, Florin"]
[Result "1/2-1/2"]
[Termination "normal"]
[Board "5.1"]
[WhiteElo "1953"]
[BlackElo "1761"]
[WhiteClock "00:12:54"]
[BlackClock "00:56:16"]
[WhiteTeam "Hamburger SK von 1830 eV"]
[BlackTeam "VSG 1880 Offenbach"]
[PlyCount "113"]
[WhiteFideId "16244966"]
[BlackFideId "16250230"]
[EventCountry "GER"]
[EventRounds "7"]
[EventType "team-swiss"]
[EventDate "2022.12.26"]

1. d4 {[%clk 01:30:57]} {[%emt 00:00:02]} d5 {[%clk 01:30:38]} {[%emt
00:00:22]} 2. Bf4 {[%clk 01:31:23]} {[%emt 00:00:05]} Nf6 {[%clk 01:30:40]}
{[%emt 00:00:28]} 3. e3 {[%clk 01:31:36]} {[%emt 00:00:17]} Bf5 {[%clk
01:30:02]} {[%emt 00:01:08]} 4. c3 {[%clk 01:31:10]} {[%emt 00:00:56]} e6
{[%clk 01:29:14]} {[%emt 00:01:17]} 5. Nd2 {[%clk 01:30:43]} {[%emt 00:00:56]}
c6 {[%clk 01:28:32]} {[%emt 00:01:12]} 6. Qb3 {[%clk 01:30:04]} {[%emt
00:01:09]} Qc8 {[%clk 01:27:47]} {[%emt 00:01:15]} 7. Ngf3 {[%clk 01:29:18]}
{[%emt 00:01:16]} Nbd7 {[%clk 01:27:20]} {[%emt 00:00:57]} 8. Nh4 {[%clk
01:25:55]} {[%emt 00:03:54]} Bg6 {[%clk 01:27:11]} {[%emt 00:00:38]} 9. Nxg6
{[%clk 01:26:17]} {[%emt 00:00:08]} hxg6 {[%clk 01:27:36]} {[%emt 00:00:05]}
10. h3 {[%clk 01:25:47]} {[%emt 00:01:00]} c5 {[%clk 01:22:04]} {[%emt
00:06:01]} 11. Be2 {[%clk 01:19:32]} {[%emt 00:06:46]} a6 {[%clk 01:18:56]}
{[%emt 00:03:38]} 12. O-O {[%clk 01:15:04]} {[%emt 00:04:58]} Qc6 {[%clk
01:12:46]} {[%emt 00:06:40]} 13. a4 {[%clk 01:05:50]} {[%emt 00:09:43]} Be7
{[%clk 01:11:46]} {[%emt 00:01:30]} 14. a5 {[%clk 01:04:53]} {[%emt 00:01:27]}
O-O {[%clk 01:08:42]} {[%emt 00:03:35]} 15. Rfc1 {[%clk 01:01:53]} {[%emt
00:03:31]} Bd6 {[%clk 01:06:31]} {[%emt 00:02:41]} 16. Bxd6 {[%clk 00:59:42]}
{[%emt 00:02:42]} Qxd6 {[%clk 01:06:54]} {[%emt 00:00:06]} 17. Bf3 {[%clk
00:55:30]} {[%emt 00:04:42]} Rab8 {[%clk 01:06:31]} {[%emt 00:00:52]} 18. Qa3
{[%emt 00:06:32]} b5 {[%clk 01:05:00]} {[%emt 00:01:59]} 19. b4 {[%clk
00:41:29]} {[%emt 00:08:33]} c4 {[%clk 01:01:51]} {[%emt 00:03:39]} 20. Rd1
{[%clk 00:37:21]} {[%emt 00:04:37]} Rfe8 {[%clk 00:58:05]} {[%emt 00:04:16]}
21. Be2 {[%clk 00:33:54]} {[%emt 00:03:57]} Qc6 {[%clk 00:54:56]} {[%emt
00:03:39]} 22. Nf3 {[%clk 00:28:37]} {[%emt 00:05:48]} Ne4 {[%clk 00:52:29]}
{[%emt 00:02:57]} 23. Qb2 {[%clk 00:27:31]} {[%emt 00:01:36]} Qc7 {[%clk
00:50:12]} {[%emt 00:02:46]} 24. Qc2 {[%clk 00:26:40]} {[%emt 00:01:21]} Rbd8
{[%clk 00:47:52]} {[%emt 00:02:50]} 25. Nd2 {[%clk 00:24:01]} {[%emt 00:03:09]}
Ndf6 {[%clk 00:47:51]} {[%emt 00:00:31]} 26. Bf3 {[%clk 00:23:28]} {[%emt
00:01:03]} Ng5 {[%clk 00:47:14]} {[%emt 00:01:07]} 27. Be2 {[%clk 00:22:20]}
{[%emt 00:01:37]} Nge4 {[%clk 00:46:53]} {[%emt 00:00:51]} 28. Bf3 {[%clk
00:21:19]} {[%emt 00:01:31]} Ng5 {[%clk 00:47:18]} {[%emt 00:00:05]} 29. Be2
{[%clk 00:21:45]} {[%emt 00:00:05]} Nge4 {[%clk 00:47:44]} {[%emt 00:00:04]}
30. Nxe4 {[%clk 00:21:34]} {[%emt 00:00:41]} Nxe4 {[%clk 00:48:00]} {[%emt
00:00:14]} 31. Bf3 {[%clk 00:21:48]} {[%emt 00:00:16]} f5 {[%clk 00:47:05]}
{[%emt 00:01:25]} 32. Bxe4 {[%clk 00:21:56]} {[%emt 00:00:21]} fxe4 {[%clk
00:47:30]} {[%emt 00:00:06]} 33. Rf1 {[%clk 00:20:26]} {[%emt 00:02:01]} e5
{[%clk 00:46:50]} {[%emt 00:01:10]} 34. Rad1 {[%clk 00:19:49]} {[%emt
00:01:06]} Re6 {[%clk 00:46:33]} {[%emt 00:00:46]} 35. Qe2 {[%clk 00:19:21]}
{[%emt 00:00:59]} exd4 {[%clk 00:45:29]} {[%emt 00:01:34]} 36. Rxd4 {[%clk
00:19:33]} {[%emt 00:00:17]} Qe5 {[%clk 00:45:54]} {[%emt 00:00:05]} 37. Qg4
{[%clk 00:16:19]} {[%emt 00:03:45]} Rf6 {[%clk 00:43:54]} {[%emt 00:02:30]} 38.
Rfd1 {[%clk 00:13:41]} {[%emt 00:03:09]} Rfd6 {[%clk 00:35:54]} {[%emt
00:08:30]} 39. R1d2 {[%clk 00:10:06]} {[%emt 00:04:05]} Qf5 {[%clk 00:35:42]}
{[%emt 00:00:42]} 40. Qg3 {[%clk 00:10:01]} {[%emt 00:00:35]} Qf6 {[%clk
00:31:46]} {[%emt 00:04:26]} 41. f3 {[%clk 00:04:01]} {[%emt 00:06:29]} exf3
{[%clk 00:30:54]} {[%emt 00:01:23]} 42. gxf3 {[%clk 00:29:43]} {[%emt
00:04:48]} R6d7 {[%clk 00:55:14]} {[%emt 00:06:10]} 43. e4 {[%clk 00:25:21]}
{[%emt 00:04:53]} Qe6 {[%clk 00:55:12]} {[%emt 00:00:31]} 44. Qg4 {[%clk
00:24:28]} {[%emt 00:01:23]} Kf7 {[%clk 00:53:41]} {[%emt 00:02:01]} 45. Qxe6
{[%clk 00:13:22]} {[%emt 00:11:36]} Kxe6 {[%clk 00:53:53]} {[%emt 00:00:17]}
46. Kf2 {[%clk 00:13:31]} {[%emt 00:00:21]} dxe4 {[%clk 00:53:33]} {[%emt
00:00:50]} 47. Rxd7 {[%clk 00:12:51]} {[%emt 00:01:10]} Rxd7 {[%clk 00:53:40]}
{[%emt 00:00:23]} 48. Rxd7 {[%clk 00:13:20]} {[%emt 00:00:01]} e3 {[%clk
00:53:51]} {[%emt 00:00:19]} 49. Kxe3 {[%clk 00:13:46]} {[%emt 00:00:05]} Kxd7
{[%clk 00:54:15]} {[%emt 00:00:05]} 50. Kd4 {[%clk 00:13:44]} {[%emt 00:00:32]}
Ke6 {[%clk 00:53:54]} {[%emt 00:00:51]} 51. Kc5 {[%clk 00:13:54]} {[%emt
00:00:20]} g5 {[%clk 00:54:16]} {[%emt 00:00:09]} 52. Kb6 {[%clk 00:14:17]}
{[%emt 00:00:07]} Kd6 {[%clk 00:54:39]} {[%emt 00:00:07]} 53. Kb7 {[%clk
00:13:01]} {[%emt 00:01:46]} Kd7 {[%clk 00:54:58]} {[%emt 00:00:11]} 54. Kb6
{[%clk 00:12:19]} {[%emt 00:01:12]} Kd6 {[%clk 00:55:23]} {[%emt 00:00:04]} 55.
Kxa6 {[%clk 00:12:43]} {[%emt 00:00:07]} Kc6 {[%clk 00:55:50]} {[%emt
00:00:03]} 56. Ka7 {[%clk 00:13:10]} {[%emt 00:00:03]} Kc7 {[%clk 00:56:16]}
{[%emt 00:00:04]} 57. Ka6 {[%clk 00:12:54]} {[%emt 00:00:46]} 1/2-1/2

[Event "DVM U14 2022"]
[Site "Kelheim GER"]
[Date "2022.12.28"]
[Round "3"]
[White "Derr, Oleg"]
[Black "Dorendorf, Mika"]
[Result "1/2-1/2"]
[Termination "normal"]
[Board "5.2"]
[WhiteElo "1517"]
[BlackElo "1783"]
[WhiteClock "00:37:46"]
[BlackClock "00:32:13"]
[WhiteTeam "VSG 1880 Offenbach"]
[BlackTeam "Hamburger SK von 1830 eV"]
[PlyCount "101"]
[WhiteFideId "34611517"]
[BlackFideId "16283066"]
[EventCountry "GER"]
[EventRounds "7"]
[EventType "team-swiss"]
[EventDate "2022.12.26"]

1. Nf3 {[%clk 01:30:48]} {[%emt 00:00:12]} d5 {[%clk 01:30:51]} {[%emt
00:00:09]} 2. g3 {[%clk 01:31:06]} {[%emt 00:00:11]} Nf6 {[%clk 01:31:14]}
{[%emt 00:00:07]} 3. Bg2 {[%clk 01:31:24]} {[%emt 00:00:12]} e6 {[%clk
01:31:22]} {[%emt 00:00:22]} 4. O-O {[%clk 01:31:24]} {[%emt 00:00:30]} Be7
{[%clk 01:31:00]} {[%emt 00:00:53]} 5. d4 {[%clk 01:30:52]} {[%emt 00:01:02]}
O-O {[%clk 01:30:50]} {[%emt 00:00:40]} 6. Nbd2 {[%clk 01:29:26]} {[%emt
00:01:56]} c5 {[%clk 01:30:52]} {[%emt 00:00:28]} 7. c4 {[%clk 01:29:14]}
{[%emt 00:00:41]} b6 {[%clk 01:30:19]} {[%emt 00:01:04]} 8. Re1 {[%clk
01:28:29]} {[%emt 00:01:15]} Bb7 {[%clk 01:30:34]} {[%emt 00:00:16]} 9. cxd5
{[%clk 01:27:09]} {[%emt 00:01:50]} exd5 {[%clk 01:30:50]} {[%emt 00:00:13]}
10. Nf1 {[%clk 01:26:56]} {[%emt 00:00:42]} Nbd7 {[%clk 01:30:26]} {[%emt
00:00:55]} 11. h4 {[%clk 01:26:56]} {[%emt 00:00:29]} c4 {[%clk 01:28:02]}
{[%emt 00:02:54]} 12. N1h2 {[%clk 01:26:17]} {[%emt 00:01:09]} b5 {[%clk
01:27:59]} {[%emt 00:00:34]} 13. g4 {[%clk 01:25:06]} {[%emt 00:01:41]} Ne4
{[%clk 01:27:33]} {[%emt 00:00:55]} 14. h5 {[%clk 01:25:24]} {[%emt 00:00:12]}
b4 {[%clk 01:26:28]} {[%emt 00:01:37]} 15. Nd2 {[%clk 01:25:06]} {[%emt
00:00:46]} Nxd2 {[%clk 01:23:40]} {[%emt 00:03:18]} 16. Bxd2 {[%clk 01:25:03]}
{[%emt 00:00:32]} f5 {[%clk 01:23:35]} {[%emt 00:00:37]} 17. e3 {[%clk
01:23:55]} {[%emt 00:01:37]} fxg4 {[%clk 01:21:45]} {[%emt 00:02:20]} 18. Nxg4
{[%clk 01:23:22]} {[%emt 00:01:04]} Nf6 {[%clk 01:21:19]} {[%emt 00:00:56]} 19.
Nxf6 {[%clk 01:20:57]} {[%emt 00:02:54]} Rxf6 {[%clk 01:21:31]} {[%emt
00:00:19]} 20. Qe2 {[%clk 01:19:51]} {[%emt 00:01:36]} Ba6 {[%clk 01:21:13]}
{[%emt 00:00:48]} 21. Qg4 {[%clk 01:18:27]} {[%emt 00:01:53]} Bc8 {[%clk
01:19:04]} {[%emt 00:02:39]} 22. Qe2 {[%clk 01:18:18]} {[%emt 00:00:39]} Be6
{[%clk 01:17:30]} {[%emt 00:02:05]} 23. e4 {[%clk 01:17:48]} {[%emt 00:00:59]}
Rf7 {[%clk 01:14:04]} {[%emt 00:03:57]} 24. Rac1 {[%clk 01:14:27]} {[%emt
00:03:51]} Rc8 {[%clk 01:13:22]} {[%emt 00:01:12]} 25. exd5 {[%clk 01:09:32]}
{[%emt 00:05:25]} Bxd5 {[%clk 01:13:20]} {[%emt 00:00:32]} 26. Qg4 {[%clk
01:09:16]} {[%emt 00:00:46]} Bxg2 {[%clk 01:12:45]} {[%emt 00:01:05]} 27. Kxg2
{[%clk 01:09:35]} {[%emt 00:00:10]} Qd5 {[%emt 00:04:09]} 28. Kg1 {[%clk
01:07:10]} {[%emt 00:00:52]} Rcf8 {[%clk 01:10:07]} {[%emt 00:01:32]} 29. Re5
{[%clk 01:07:00]} {[%emt 00:00:39]} Qd8 {[%clk 01:09:31]} {[%emt 00:01:08]} 30.
h6 {[%clk 01:04:33]} {[%emt 00:02:56]} g6 {[%clk 01:08:25]} {[%emt 00:01:36]}
31. Be3 {[%clk 01:02:55]} {[%emt 00:02:08]} Bh4 {[%clk 01:00:07]} {[%emt
00:08:49]} 32. f4 {[%clk 00:58:55]} {[%emt 00:04:30]} Bf6 {[%clk 00:58:58]}
{[%emt 00:01:39]} 33. Re4 {[%clk 00:59:04]} {[%emt 00:00:20]} Qd5 {[%clk
00:58:39]} {[%emt 00:00:50]} 34. f5 {[%clk 00:56:31]} {[%emt 00:03:02]} Kh8
{[%clk 00:47:51]} {[%emt 00:11:18]} 35. fxg6 {[%clk 00:53:23]} {[%emt
00:03:38]} hxg6 {[%clk 00:48:14]} {[%emt 00:00:08]} 36. Qg2 {[%clk 00:47:05]}
{[%emt 00:06:48]} Kh7 {[%clk 00:45:23]} {[%emt 00:03:20]} 37. Rg4 {[%clk
00:46:48]} {[%emt 00:00:48]} Qxg2 {[%clk 00:39:15]} {[%emt 00:06:37]} 38. Kxg2
{[%clk 00:47:01]} {[%emt 00:00:16]} Re8 {[%clk 00:37:24]} {[%emt 00:02:22]} 39.
Bf4 {[%clk 00:41:15]} {[%emt 00:06:16]} Re4 {[%clk 00:36:26]} {[%emt 00:01:28]}
40. Rxc4 {[%clk 00:37:22]} {[%emt 00:04:23]} g5 {[%clk 00:36:14]} {[%emt
00:00:45]} 41. Kf3 {[%clk 00:37:40]} {[%emt 00:00:09]} Rxf4 {[%clk 00:33:51]}
{[%emt 00:02:53]} 42. Rxf4 {[%clk 00:38:03]} {[%emt 00:00:07]} gxf4 {[%clk
00:34:16]} {[%emt 00:00:05]} 43. Kxf4 {[%clk 00:38:30]} {[%emt 00:00:03]} Bxd4
{[%clk 00:34:35]} {[%emt 00:00:11]} 44. Ke4 {[%clk 00:37:34]} {[%emt 00:01:26]}
Bxb2 {[%clk 00:34:05]} {[%emt 00:01:00]} 45. Rxb4 {[%clk 00:38:00]} {[%emt
00:00:04]} Bc3 {[%clk 00:34:10]} {[%emt 00:00:25]} 46. Rc4 {[%clk 00:37:14]}
{[%emt 00:01:16]} Bf6 {[%clk 00:33:52]} {[%emt 00:00:49]} 47. Kd5 {[%clk
00:37:06]} {[%emt 00:00:37]} Kxh6 {[%clk 00:33:26]} {[%emt 00:00:56]} 48. Ke6
{[%clk 00:37:27]} {[%emt 00:00:09]} Kg7 {[%clk 00:32:30]} {[%emt 00:01:27]} 49.
Rg4 {[%clk 00:37:25]} {[%emt 00:00:32]} Kf8 {[%clk 00:32:45]} {[%emt 00:00:14]}
50. Rf4 {[%clk 00:37:29]} {[%emt 00:00:27]} Kg7 {[%clk 00:32:13]} {[%emt
00:01:03]} 51. Rg4 {[%clk 00:37:46]} {[%emt 00:00:12]} 1/2-1/2

[Event "DVM U14 2022"]
[Site "Kelheim GER"]
[Date "2022.12.28"]
[Round "3"]
[White "Borgert, Alexander"]
[Black "Laux, Filip"]
[Result "1/2-1/2"]
[Termination "normal"]
[Board "5.3"]
[WhiteElo "1541"]
[BlackElo "1451"]
[WhiteClock "00:28:30"]
[BlackClock "00:06:54"]
[WhiteTeam "Hamburger SK von 1830 eV"]
[BlackTeam "VSG 1880 Offenbach"]
[PlyCount "89"]
[WhiteFideId "16289188"]
[BlackFideId "16275730"]
[EventCountry "GER"]
[EventRounds "7"]
[EventType "team-swiss"]
[EventDate "2022.12.26"]

1. d4 {[%clk 01:30:58]} {[%emt 00:00:02]} d5 {[%clk 01:30:39]} {[%emt
00:00:21]} 2. c4 {[%clk 01:31:22]} {[%emt 00:00:06]} c6 {[%clk 01:30:48]}
{[%emt 00:00:20]} 3. Nf3 {[%clk 01:31:45]} {[%emt 00:00:08]} Nf6 {[%clk
01:30:53]} {[%emt 00:00:24]} 4. cxd5 {[%clk 01:31:34]} {[%emt 00:00:42]} cxd5
{[%clk 01:31:06]} {[%emt 00:00:16]} 5. Nc3 {[%clk 01:31:58]} {[%emt 00:00:06]}
e6 {[%clk 01:30:40]} {[%emt 00:00:56]} 6. Bg5 {[%clk 01:31:16]} {[%emt
00:01:12]} Be7 {[%clk 01:29:12]} {[%emt 00:01:57]} 7. e3 {[%clk 01:31:03]}
{[%emt 00:00:45]} Nc6 {[%clk 01:26:45]} {[%emt 00:02:57]} 8. Bb5 {[%clk
01:31:07]} {[%emt 00:00:26]} Bd7 {[%clk 01:24:42]} {[%emt 00:02:32]} 9. O-O
{[%clk 01:31:03]} {[%emt 00:00:34]} a6 {[%clk 01:22:23]} {[%emt 00:02:50]} 10.
Bxc6 {[%clk 01:30:26]} {[%emt 00:01:08]} Bxc6 {[%clk 01:22:47]} {[%emt
00:00:05]} 11. Ne5 {[%clk 01:30:45]} {[%emt 00:00:10]} O-O {[%clk 01:17:52]}
{[%emt 00:05:25]} 12. Nxc6 {[%clk 01:29:38]} {[%emt 00:01:38]} bxc6 {[%clk
01:18:17]} {[%emt 00:00:05]} 13. Qc2 {[%clk 01:28:54]} {[%emt 00:01:14]} Qb6
{[%clk 01:14:53]} {[%emt 00:03:53]} 14. Na4 {[%clk 01:28:02]} {[%emt 00:01:23]}
Qb5 {[%clk 01:14:12]} {[%emt 00:01:04]} 15. Nc3 {[%clk 01:28:11]} {[%emt
00:00:28]} Qb7 {[%clk 01:10:58]} {[%emt 00:03:41]} 16. b3 {[%clk 01:28:03]}
{[%emt 00:00:41]} Rac8 {[%clk 01:10:13]} {[%emt 00:01:13]} 17. Na4 {[%clk
01:27:25]} {[%emt 00:01:11]} h6 {[%clk 01:02:50]} {[%emt 00:07:53]} 18. Bxf6
{[%clk 01:26:20]} {[%emt 00:01:35]} Bxf6 {[%clk 01:02:08]} {[%emt 00:01:11]}
19. Nc5 {[%clk 01:26:44]} {[%emt 00:00:06]} Qa7 {[%clk 01:02:22]} {[%emt
00:00:14]} 20. Nd3 {[%clk 01:22:45]} {[%emt 00:04:31]} Rfe8 {[%clk 00:57:48]}
{[%emt 00:05:03]} 21. Rac1 {[%clk 01:21:52]} {[%emt 00:01:24]} Qb6 {[%clk
00:51:30]} {[%emt 00:06:42]} 22. Qc5 {[%clk 01:20:54]} {[%emt 00:01:34]} Qb7
{[%clk 00:51:14]} {[%emt 00:00:44]} 23. Rc2 {[%clk 01:15:03]} {[%emt 00:06:20]}
Rc7 {[%clk 00:49:30]} {[%emt 00:02:14]} 24. Rfc1 {[%clk 01:08:57]} {[%emt
00:06:39]} Rec8 {[%clk 00:47:38]} {[%emt 00:02:22]} 25. b4 {[%clk 01:08:29]}
{[%emt 00:00:58]} Be7 {[%clk 00:44:36]} {[%emt 00:03:30]} 26. Qa5 {[%clk
01:04:30]} {[%emt 00:04:30]} Bd6 {[%clk 00:43:48]} {[%emt 00:01:16]} 27. Nc5
{[%clk 01:04:14]} {[%emt 00:00:49]} Bxc5 {[%clk 00:43:14]} {[%emt 00:01:03]}
28. bxc5 {[%clk 01:02:10]} {[%emt 00:02:34]} Qb5 {[%clk 00:42:54]} {[%emt
00:00:44]} 29. Qxb5 {[%clk 00:59:21]} {[%emt 00:03:26]} axb5 {[%clk 00:42:52]}
{[%emt 00:00:31]} 30. Rb2 {[%clk 00:58:48]} {[%emt 00:01:03]} Ra7 {[%clk
00:42:30]} {[%emt 00:00:51]} 31. Kf1 {[%clk 00:58:41]} {[%emt 00:00:39]} Rca8
{[%clk 00:42:08]} {[%emt 00:00:51]} 32. Rcc2 {[%clk 00:58:55]} {[%emt
00:00:17]} f6 {[%clk 00:41:48]} {[%emt 00:00:49]} 33. Ke2 {[%clk 00:59:17]}
{[%emt 00:00:08]} e5 {[%clk 00:39:40]} {[%emt 00:02:37]} 34. Kf3 {[%clk
00:52:32]} {[%emt 00:07:16]} Kf7 {[%clk 00:37:24]} {[%emt 00:02:46]} 35. Ke2
{[%clk 00:52:34]} {[%emt 00:00:29]} Ra3 {[%clk 00:36:31]} {[%emt 00:01:22]} 36.
h3 {[%clk 00:49:56]} {[%emt 00:03:09]} R8a4 {[%clk 00:32:25]} {[%emt 00:04:36]}
37. Rd2 {[%clk 00:49:53]} {[%emt 00:00:32]} Kg6 {[%clk 00:31:01]} {[%emt
00:01:54]} 38. Rbc2 {[%clk 00:49:04]} {[%emt 00:01:19]} Kf5 {[%clk 00:29:23]}
{[%emt 00:02:03]} 39. g3 {[%clk 00:46:48]} {[%emt 00:02:51]} h5 {[%clk
00:27:09]} {[%emt 00:02:45]} 40. f3 {[%clk 00:46:07]} {[%emt 00:01:10]} Kg5
{[%clk 00:15:11]} {[%emt 00:12:27]} 41. Kf2 {[%clk 00:45:38]} {[%emt 00:01:01]}
Kf5 {[%clk 00:11:33]} {[%emt 00:04:07]} 42. Ke2 {[%clk 00:40:16]} {[%emt
00:05:53]} Ra7 {[%clk 00:11:28]} {[%emt 00:00:34]} 43. Kf2 {[%clk 00:40:33]}
{[%emt 00:00:14]} Re7 {[%clk 00:09:51]} {[%emt 00:02:06]} 44. Re2 {[%clk
00:39:47]} {[%emt 00:01:17]} g5 {[%clk 00:06:54]} {[%emt 00:03:26]} 45. e4
{[%clk 00:28:30]} {[%emt 00:11:47]} 1/2-1/2